|
|
|
|
| LEADER |
00000cas a2200000 a 4500 |
| 001 |
vtls008881207 |
| 003 |
SK-MaSNL |
| 005 |
20260228162132.0 |
| 008 |
160627d19972003xo mr p r 0 0 b0slo c |
| 022 |
|
|
|a 1335-7751
|
| 035 |
|
|
|a (SVKBB03)vtls000058788
|
| 040 |
|
|
|a ŠVKBB
|b slo
|c ŠVKBB
|d SNK
|e AACR2
|
| 041 |
0 |
|
|a slo
|
| 044 |
0 |
|
|a xo
|c SK
|
| 080 |
|
|
|a 659.131:629.11
|
| 080 |
|
|
|a 796.7
|2 MDT-MRF
|
| 080 |
|
|
|a 643
|2 MDT-MRF
|
| 080 |
|
|
|a 629.331
|2 MDT-MRF
|
| 080 |
|
|
|a 070.485
|2 MDT-MRF
|
| 210 |
0 |
|
|a Foto Auto Býv.
|
| 222 |
|
0 |
|a Foto auto bývanie
|
| 245 |
0 |
0 |
|a Foto auto bývanie
|b motoristický a realitný inzertný časopis
|
| 246 |
1 |
3 |
|a FAB
|
| 260 |
|
|
|a Banská Bystrica
|b Róbert Briš-FAB
|c 1997-2003
|
| 300 |
|
|
|a 7 zv.
|c 30 cm
|
| 310 |
|
|
|a 1x mesačne
|
| 362 |
0 |
|
|a 1997-2003
|
| 650 |
0 |
7 |
|a motorizmus
|2 SNKPH
|9 3265
|
| 650 |
0 |
7 |
|a nehnuteľnosti
|2 SNKPH
|9 3653
|
| 655 |
|
7 |
|a inzertné časopisy
|2 SNKPH
|9 70809
|
| 785 |
0 |
0 |
|t Foto auto box
|x 1336-4227
|w vtls008419423
|
| 910 |
|
|
|a snk
|
| 999 |
|
|
|c 6913
|d 8843
|
| 952 |
|
|
|0 0
|1 0
|4 0
|7 0
|8 0
|a SNK
|b SNK
|d 2015-07-27
|i snk2015/22872
|l 0
|o snkČSB 6017/5/2001
|p 17A1145430
|r 2026-02-21 19:45:51
|t č. 1-12, neúplné
|w 2026-02-21
|y PREZ
|z chýba č. 5
|
| 952 |
|
|
|0 0
|1 0
|4 0
|7 0
|8 0
|a SNK
|b SNK
|d 2015-08-07
|i snk2015/24045
|l 0
|o snkČSB 6017/5/2001 D1
|p 17A1145396
|r 2026-02-21 19:46:14
|t č. 1-12, neúplné
|w 2026-02-21
|y PREZ
|z chýba č. 5,7
|
| 952 |
|
|
|0 0
|1 0
|4 0
|7 0
|8 0
|a SNK
|b SNK
|d 2015-08-07
|i snk2015/24048
|l 0
|o snkČSB 6017/6/2002
|p 17A1145395
|r 2026-02-21 19:46:14
|t č. 1-12
|w 2026-02-21
|y PREZ
|
| 952 |
|
|
|0 0
|1 0
|4 0
|7 0
|8 0
|a SNK
|b SNK
|d 2015-08-07
|i snk2015/24052
|l 0
|o snkČSB 6017/7/2003/1
|p 17A1145393
|r 2026-02-21 19:46:14
|t č. 1-6
|w 2026-02-21
|y PREZ
|
| 952 |
|
|
|0 0
|1 0
|4 0
|7 0
|8 0
|a SNK
|b SNK
|d 2015-08-07
|i snk2015/24057
|l 0
|o snkČSB 6017/7/2003/1 D1
|p 17A1145392
|r 2026-02-21 19:46:14
|t č. 1-6, neúplné
|w 2026-02-21
|y PREZ
|z Chýba č. 1
|
| 952 |
|
|
|0 0
|1 0
|4 0
|7 0
|8 0
|a SNK
|b SNK
|d 2015-08-11
|i snk2015/24175
|l 0
|o snkČSB 6017/7/2003/2
|p 17A1089180
|r 2026-02-21 19:46:21
|t č. 7-12, neúplné
|w 2026-02-21
|y PREZ
|z chýba č. 11
|
| 952 |
|
|
|0 0
|1 0
|4 0
|7 0
|8 0
|a SNK
|b SNK
|d 2015-08-11
|i snk2015/24180
|l 0
|o snkČSB 6017/7/2003/2 D1
|p 17A1089181
|r 2026-02-21 19:46:21
|t č. 7-12, neúplné
|w 2026-02-21
|y PREZ
|z chýba č. 11
|
| 952 |
|
|
|0 0
|1 0
|4 0
|7 0
|8 0
|a SNK
|b SNK
|d 2015-08-07
|i snk2015/24049
|l 0
|o snkČSB 6017/6/2002 D1
|p 17A1145394
|r 2026-02-21 21:02:38
|t č. 1-12
|w 2026-02-21
|y PREZ
|